Obálka Náhled e-knihy:
Epub
Pro půjčování e-knih musíte být přihlášeni.
Jak si půjčit online?

Spící spravedlnost /

Thriller americké autorky, v němž soudní koncipientka přebírá po hospitalizovaném soudci velmi ožehavý případ.

Uloženo v:
Série:Avery Keeneová, část 1
Hlavní autor: Abrams, Stacey, 1973- (Autor)
Další autoři: Volhejnová, Veronika, 1962- (Autor)
Médium: E-kniha
Jazyk:Czech
Vydáno: Praha : Euromedia Group, 2023
Vydání:Vydání první
Témata:
Příbuzné jednotky:Z cyklu:: Avery Keeneová
Tagy:
Žádné tagy
LEADER 02722nam a2200481 i 4500
001 311899
003 CZ PrSKC
005 20260601215713.0
007 ta
008 230412s2023 xr g 000 f cze
015 |a cnb003493010 
020 |a 9788024287973  |q (brožováno) 
035 |a (OCoLC)1381703402 
040 |a ABG001  |b cze  |e rda 
041 1 |a cze  |h eng 
072 7 |a 821.111(73)-3  |x Americká próza  |2 Konspekt 
080 |a 821.111(73)-31  |2 MRF 
080 |a (0:82-312.4)  |2 MRF 
100 1 |a Abrams, Stacey,  |d 1973-  |7 xx0300016  |4 aut 
240 1 0 |a While justice sleeps.  |l Česky 
245 1 0 |a Spící spravedlnost /  |c Stacey Abrams ; přeložila Veronika Volhejnová 
250 |a Vydání první 
264 1 |a Praha :  |b Euromedia Group,  |c 2023 
300 |a 430 stran ;  |c 23 cm 
336 |a text  |b txt  |2 rdacontent 
337 |a bez média  |b n  |2 rdamedia 
338 |a svazek  |b nc  |2 rdacarrier 
500 |a "Vydala Euromedia Group, a.s. - v edici Kalibr"--Tiráž 
500 |a Přeloženo z angličtiny 
520 2 |a Thriller americké autorky, v němž soudní koncipientka přebírá po hospitalizovaném soudci velmi ožehavý případ.  |b Avery Keeneová pracuje jako koncipientka pro uznávaného soudce Nejvyššího soudu USA Howarda Wynna. Když se jednoho dne dozví, že její nadřízený leží v kómatu a ona byla ustanovena jeho zákonnou zástupkyní, obrátí se jí svět vzhůru nohama. Wynn měl rozhodující slovo v mnoha velkých případech a vypadá to, že tušil spiknutí sahající do nejvyšších mocenských kruhů Washingtonu. Tajně také zkoumal pozadí jednoho z nejkontroverznějších případů, jaké zrovna Nejvyšší soud projednává. Své zástupkyni zanechal sled pečlivě připravených indicií. Avery by je měla co nejdříve rozluštit. Tahle šachová partie nebude vůbec lehká ani bezpečná - vsadí Avery do hry celou svou budoucnost? Nakladatelská anotace. 
655 7 |a americké romány  |7 fd131796  |2 czenas 
655 7 |a thrillery (romány)  |7 fd184206  |2 czenas 
655 9 |a American fiction  |2 eczenas 
655 9 |a thrillers (novels)  |2 eczenas 
700 1 |a Volhejnová, Veronika,  |d 1962-  |7 jn20010309724  |4 trl 
787 0 8 |i Z cyklu:  |t Avery Keeneová  |g 1 
900 |a ABA001  |b 20 
928 9 |a Euromedia Group - Kalibr 
928 9 |a Kalibr 
044 |a xr 
910 |a RBIT002 
998 |d 373318  |a https://core.palmknihy.cz/api/books/373318/cover?rsn3oz  |b https://core.palmknihy.cz/api/books/373318/cover/400?rsn3oz  |c https://core.palmknihy.cz/api/books/373318/cover/50?rsn3oz  |e 2027-03-15  |g 432  |i 9788024287973  |j https://core.palmknihy.cz/api/books/373318/preview.epub  |l   |q 49  |r 1  |s https://www.palmknihy.cz/kniha/373318  |t ebook  |y 2023  |z 0 
999 |d 311897